[Event "SRB-chT Central"]
[Site "Kragujevac"]
[Date "2013.09.21"]
[Round "10.3"]
[White "Prelevic, Dusko"]
[Black "Nikolic, Boban"]
[Result "1-0"]
[WhiteElo "2312"]
[BlackElo "2255"]
[PlyCount "79"]
[EventDate "2013.09.14"]
[EventType "team-tourn"]
[EventRounds "11"]
[EventCountry "SRB"]
[SourceTitle "CBM 156 Extra"]
[Source "ChessBase"]
[SourceDate "2013.10.22"]
[SourceVersion "1"]
[SourceVersionDate "2013.10.22"]
[SourceQuality "1"]
[WhiteTeam "Petrovac Sloga"]
[BlackTeam "Pirot Progres"]
[WhiteTeamCountry "SRB"]
[BlackTeamCountry "SRB"]

1. e4 c6 2. d4 d5 3. e5 Na6 4. Nc3 Nc7 5. Bd3 g6 6. h3 h5 7. Nf3 Nh6 8. Be3 Bf5 9. Be2 Qd7 10. Nd2 Bg7 11. Nb3 b6 12. Qd2 0-0-0 13. a4 Kb8 14. a5 b5 15. a6 Ne6 16. Na5 Ka8 17. Na2 Rb8 18. Nb4 Rb6 19. b3 Nc7 20. 0-0 Be6 21. c4 bxc4 22. bxc4 dxc4 23. Nxc4 Bxc4 24. Bxc4 Nf5 25. Bxf7 Nxe3 26. fxe3 Bxe5 27. Nd3 Bd6 28. Bxg6 Rg8 29. Bf5 Qe8 30. Be4 Ne6 31. Qc2 Ng5 32. Nc5 Bxc5 33. dxc5 Rb4 34. Bf5 e6 35. Rab1 exf5 36. Rxb4 Qxe3+ 37. Kh1 Ne4 38. Rxe4 fxe4 39. Qb2 Rb8 40. Rf8 1-0

[Event "SRB-chT Central"]
[Site "Kragujevac"]
[Date "2013.09.17"]
[Round "5.6"]
[White "Prelevic, Dusko"]
[Black "Krstic, Ranko"]
[Result "1/2-1/2"]
[WhiteElo "2312"]
[BlackElo "2203"]
[PlyCount "40"]
[EventDate "2013.09.14"]
[EventType "team-tourn"]
[EventRounds "11"]
[EventCountry "SRB"]
[SourceTitle "CBM 156 Extra"]
[Source "ChessBase"]
[SourceDate "2013.10.22"]
[SourceVersion "1"]
[SourceVersionDate "2013.10.22"]
[SourceQuality "1"]
[WhiteTeam "Petrovac Sloga"]
[BlackTeam "Leskovac Glubocica"]
[WhiteTeamCountry "SRB"]
[BlackTeamCountry "SRB"]

1. e4 c6 2. d4 g6 3. Nc3 Bg7 4. Be3 d6 5. f4 Nf6 6. Nf3 0-0 7. h3 Qb6 8. Qd2 Qxb2 9. Rb1 Qa3 10. Bd3 Nbd7 11. 0-0 Qa5 12. e5 Ne8 13. Ng5 e6 14. Qe1 Qd8 15. Nce4 d5 16. Nf2 h6 17. Nf3 Nb6 18. Ng4 Nc4 19. Bc1 b5 20. Bxc4 dxc4 1/2-1/2

[Event "SRB-chT"]
[Site "Vrnjacka Banja"]
[Date "2012.10.03"]
[Round "6.6"]
[White "Prelevic, Dusko"]
[Black "Ignjatovic, Predrag"]
[Result "1-0"]
[WhiteElo "2337"]
[BlackElo "2294"]
[PlyCount "45"]
[EventDate "2012.09.29"]
[EventType "team-tourn"]
[EventRounds "11"]
[EventCountry "SRB"]
[SourceTitle "CBM 150 Extra"]
[Source "ChessBase"]
[SourceDate "2012.10.19"]
[SourceVersion "1"]
[SourceVersionDate "2012.10.19"]
[SourceQuality "1"]
[WhiteTeam "Petrovac"]
[BlackTeam "Vladimirci"]
[WhiteTeamCountry "SRB"]
[BlackTeamCountry "SRB"]

1. e4 e5 2. Nf3 Nc6 3. d4 exd4 4. Bc4 Nf6 5. 0-0 Nxe4 6. Re1 d5 7. Bxd5 Qxd5 8. Nc3 Qa5 9. Nxe4 Be6 10. Bd2 Qd5 11. Bg5 Be7 12. Bxe7 Nxe7 13. Qxd4 0-0 14. Nc5 Nc6 15. Qc3 Bg4 16. Ne5 Bc8 17. Rad1 Qxa2 18. Nc4 b5 19. b3 Bf5 20. Ne3 b4 21. Qc4 Ne7 22. Na4 Be6 23. Qc5 1-0

[Event "SRB-chT"]
[Site "Vrnjacka Banja"]
[Date "2012.10.01"]
[Round "4.6"]
[White "Todorovic, Jovan"]
[Black "Prelevic, Dusko"]
[Result "1-0"]
[WhiteElo "2427"]
[BlackElo "2337"]
[PlyCount "51"]
[EventDate "2012.09.29"]
[EventType "team-tourn"]
[EventRounds "11"]
[EventCountry "SRB"]
[SourceTitle "CBM 150 Extra"]
[Source "ChessBase"]
[SourceDate "2012.10.19"]
[SourceVersion "1"]
[SourceVersionDate "2012.10.19"]
[SourceQuality "1"]
[WhiteTeam "Goracici Jelica"]
[BlackTeam "Petrovac"]
[WhiteTeamCountry "SRB"]
[BlackTeamCountry "SRB"]

1. e4 c6 2. d4 d5 3. exd5 cxd5 4. c4 Nf6 5. Nc3 Be6 6. Nge2 dxc4 7. Nf4 Bg4 8. f3 Bd7 9. Bxc4 e6 10. d5 e5 11. Nd3 Bd6 12. 0-0 0-0 13. Nf2 Qb6 14. Kh1 Rc8 15. Bb3 Na6 16. Nfe4 Nxe4 17. Nxe4 Nc5 18. Be3 Qa6 19. Bxc5 Bxc5 20. d6 Bd4 21. f4 Bb5 22. fxe5 Bxf1 23. Qxd4 Bc4 24. d7 Bxb3 25. dxc8Q+ Rxc8 26. Nc5 1-0

[Event "SRB-chT Central"]
[Site "Kraljevo"]
[Date "2011.09.25"]
[Round "11.3"]
[White "Brankovic, Dejan"]
[Black "Prelevic, Dusko"]
[Result "1/2-1/2"]
[WhiteElo "2341"]
[BlackElo "2311"]
[PlyCount "23"]
[EventDate "2011.09.17"]
[EventType "team-tourn"]
[EventRounds "11"]
[EventCountry "SRB"]
[SourceTitle "CBM 144 Extra"]
[Source "ChessBase"]
[SourceDate "2011.10.28"]
[SourceVersion "1"]
[SourceVersionDate "2011.10.28"]
[SourceQuality "1"]
[WhiteTeam "Paracin"]
[BlackTeam "Sloga"]
[WhiteTeamCountry "YUG"]
[BlackTeamCountry "YUG"]

1. g3 Nf6 2. Bg2 g6 3. Nf3 Bg7 4. d3 0-0 5. 0-0 d5 6. Nbd2 c5 7. e4 e6 8. c3 Nc6 9. Re1 b6 10. h3 Bb7 11. Qe2 Qc7 12. Nf1 1/2-1/2

[Event "SRB-chT Central"]
[Site "Kraljevo"]
[Date "2011.09.22"]
[Round "8"]
[White "Todorovic, Goran N"]
[Black "Prelevic, Dusko"]
[Result "1/2-1/2"]
[WhiteElo "2396"]
[BlackElo "2311"]
[PlyCount "65"]
[EventDate "2011.09.17"]
[EventType "team-tourn"]
[EventRounds "11"]
[EventCountry "SRB"]
[SourceTitle "CBM 144 Extra"]
[Source "ChessBase"]
[SourceDate "2011.10.28"]
[SourceVersion "1"]
[SourceVersionDate "2011.10.28"]
[SourceQuality "1"]
[WhiteTeam "Jasenica"]
[BlackTeam "Sloga"]
[WhiteTeamCountry "YUG"]
[BlackTeamCountry "YUG"]

1. d4 Nf6 2. Nf3 c5 3. d5 g6 4. Nc3 d6 5. e4 Bg7 6. Bb5+ Nbd7 7. a4 0-0 8. 0-0 a6 9. Be2 Rb8 10. Re1 Ne8 11. Bf4 Nc7 12. Qd2 Re8 13. Bf1 b5 14. axb5 axb5 15. Ra7 b4 16. Nd1 Rb7 17. Rxb7 Bxb7 18. c4 bxc3 19. bxc3 Qa8 20. c4 e5 21. Be3 Rb8 22. Nc3 Ba6 23. Ra1 Rb6 24. Nb5 Qb7 25. Nxc7 Qxc7 26. Qa5 Qb8 27. Nd2 Bf6 28. Qa4 Bc8 29. Qa8 Qxa8 30. Rxa8 Rb8 31. Ra7 Rb7 32. Ra8 Rb8 33. Ra7 1/2-1/2

[Event "SRB-chT Central"]
[Site "Kraljevo"]
[Date "2011.09.18"]
[Round "3"]
[White "Ratkovic, Miloje"]
[Black "Prelevic, Dusko"]
[Result "0-1"]
[WhiteElo "2135"]
[BlackElo "2311"]
[PlyCount "78"]
[EventDate "2011.09.17"]
[EventType "team-tourn"]
[EventRounds "11"]
[EventCountry "SRB"]
[SourceTitle "CBM 144 Extra"]
[Source "ChessBase"]
[SourceDate "2011.10.28"]
[SourceVersion "1"]
[SourceVersionDate "2011.10.28"]
[SourceQuality "1"]
[WhiteTeam "Sloboda"]
[BlackTeam "Sloga"]
[WhiteTeamCountry "YUG"]
[BlackTeamCountry "YUG"]

1. d4 Nf6 2. Nf3 e6 3. c4 b6 4. a3 Bb7 5. Nc3 d5 6. Bg5 Be7 7. e3 Nbd7 8. Be2 0-0 9. 0-0 c5 10. cxd5 Nxd5 11. Bxe7 Qxe7 12. Rc1 Rfd8 13. Nxd5 Bxd5 14. Bc4 Bb7 15. Qe2 cxd4 16. Nxd4 a6 17. Bd3 Nc5 18. Bb1 Rac8 19. f3 g6 20. b4 Na4 21. b5 Qxa3 22. Rxc8 Rxc8 23. Bd3 Nc3 24. Qd2 a5 25. Rc1 Rc5 26. Rc2 e5 27. Ne2 Nxe2+ 28. Qxe2 Qb4 29. Rxc5 Qxc5 30. Kf2 Bd5 31. Qb2 Be6 32. Ke2 a4 33. Kd2 a3 34. Qc3 Qxc3+ 35. Kxc3 a2 36. Kb2 Kf8 37. g4 h6 38. h4 g5 39. h5 f6 0-1

[Event "SRB-chT 1st League"]
[Site "Vrnjacka Banja"]
[Date "2009.09.23"]
[Round "7"]
[White "Milenkovic, Mladen"]
[Black "Prelevic, Dusko"]
[Result "0-1"]
[WhiteElo "2341"]
[BlackElo "2321"]
[PlyCount "124"]
[EventDate "2009.09.19"]
[EventType "team-swiss"]
[EventRounds "11"]
[EventCountry "YUG"]
[SourceTitle "CBM 132 Extra"]
[Source "ChessBase"]
[SourceDate "2009.11.03"]
[SourceVersion "1"]
[SourceVersionDate "2009.11.03"]
[SourceQuality "1"]

1. e4 c6 2. d4 d5 3. exd5 cxd5 4. c4 Nf6 5. Nc3 Be6 6. Bg5 dxc4 7. Bxf6 exf6 8. d5 Bf5 9. Bxc4 Bd6 10. Nge2 0-0 11. 0-0 Na6 12. Nd4 Bd7 13. Bb3 Qb6 14. Rb1 Be5 15. Nf3 Bg4 16. h3 Bh5 17. Bc2 Rad8 18. g4 Bg6 19. Bxg6 hxg6 20. Nxe5 fxe5 21. Qe2 Rfe8 22. Qe3 Nc5 23. b4 Nd7 24. Rfd1 Qa6 25. a4 Qc4 26. d6 Nf6 27. g5 Nh5 28. Ne4 Nf4 29. Kh2 b6 30. a5 Qe6 31. axb6 axb6 32. Rb3 Rd7 33. Ra3 Qf5 34. Re1 Nd5 35. Qd2 Nf4 36. Qe3 Nd5 37. Qd2 Nf4 38. Qe3 Rc8 39. Qxb6 Nd5 40. Qb5 Rxd6 41. Rg3 Rdd8 42. Kg1 Rb8 43. Qc5 Rbc8 44. Qb5 Nf4 45. h4 Rc2 46. Qf1 Rd4 47. Rge3 Qg4+ 48. Ng3 Nh3+ 49. Kg2 Rxf2+ 50. Qxf2 Nxf2 51. Kxf2 Rd2+ 52. R1e2 Qf4+ 53. Rf3 Rxe2+ 54. Kxe2 Qxb4 55. Ke3 Qd4+ 56. Ke2 Qxh4 57. Re3 Qxg5 58. Ne4 Qg2+ 59. Nf2 f6 60. Ra3 g5 61. Ra4 f5 62. Ra5 g4 0-1

[Event "Belgrade tt"]
[Site "Belgrade"]
[Date "2008.02.23"]
[Round "8"]
[White "Prelevic, Dusko"]
[Black "Todorovic, Jovan"]
[Result "1/2-1/2"]
[WhiteElo "2354"]
[BlackElo "2400"]
[PlyCount "36"]
[EventDate "2008.02.16"]
[EventType "team-tourn"]
[EventRounds "12"]
[EventCountry "YUG"]
[SourceTitle "CBM 123 Extra"]
[Source "ChessBase"]
[SourceDate "2008.05.06"]
[SourceVersion "1"]
[SourceVersionDate "2008.05.06"]
[SourceQuality "1"]

1. e4 e5 2. Nf3 Nc6 3. Bb5 a6 4. Ba4 Nf6 5. 0-0 Be7 6. Re1 b5 7. Bb3 0-0 8. c3 d5 9. exd5 Nxd5 10. Nxe5 Nxe5 11. Rxe5 c6 12. d4 Bd6 13. Re1 Qh4 14. g3 Qh3 15. Be3 Bg4 16. Qd3 Rae8 17. Nd2 Re6 18. Qf1 Qh5 1/2-1/2

[Event "Belgrade tt"]
[Site "Belgrade"]
[Date "2008.02.17"]
[Round "2"]
[White "Prelevic, Dusko"]
[Black "Milovic, Aleksandra"]
[Result "1/2-1/2"]
[WhiteElo "2354"]
[BlackElo "2216"]
[PlyCount "88"]
[EventDate "2008.02.16"]
[EventType "team-tourn"]
[EventRounds "12"]
[EventCountry "YUG"]
[SourceTitle "CBM 123 Extra"]
[Source "ChessBase"]
[SourceDate "2008.05.06"]
[SourceVersion "1"]
[SourceVersionDate "2008.05.06"]
[SourceQuality "1"]

1. e4 c5 2. Nf3 e6 3. d4 cxd4 4. Nxd4 Nf6 5. Nc3 d6 6. g4 Nc6 7. g5 Nd7 8. Be3 a6 9. Rg1 Qc7 10. Bc4 Nde5 11. Bb3 Na5 12. Qe2 Nec4 13. 0-0-0 Bd7 14. f4 0-0-0 15. f5 d5 16. fxe6 fxe6 17. exd5 Nxe3 18. Qxe3 e5 19. Ne6 Bxe6 20. dxe6 Bc5 21. Rxd8+ Rxd8 22. Qh3 Nxb3+ 23. axb3 Bxg1 24. e7+ Kb8 25. exd8Q+ Qxd8 26. Qxh7 Qxg5+ 27. Kb1 Qh6 28. Qxh6 gxh6 29. h3 Kc7 30. Ne4 Kd7 31. c3 Ke6 32. Kc2 b6 33. Kd3 a5 34. Ng3 Bh2 35. Ne4 Bf4 36. c4 Bc1 37. c5 b5 38. Nd6 Bxb2 39. Nxb5 Kd5 40. Nd6 Ba3 41. Nc4 Bb4 42. c6 e4+ 43. Ke3 Kxc6 44. Kxe4 Kc5 1/2-1/2

[Event "Belgrade Winter op"]
[Site "Belgrade"]
[Date "2008.01.25"]
[Round "4"]
[White "Mihajlovic, Miodrag"]
[Black "Prelevic, Dusko"]
[Result "1/2-1/2"]
[WhiteElo "2220"]
[BlackElo "2354"]
[PlyCount "55"]
[EventDate "2008.01.22"]
[EventType "swiss"]
[EventRounds "9"]
[EventCountry "YUG"]
[SourceTitle "CBM 122 Extra"]
[Source "ChessBase"]
[SourceDate "2008.03.04"]
[SourceVersion "1"]
[SourceVersionDate "2008.03.04"]
[SourceQuality "1"]

1. e4 d5 2. exd5 Qxd5 3. Nc3 Qd6 4. d4 Nf6 5. g3 Bg4 6. Be2 Bxe2 7. Ngxe2 e6 8. 0-0 Be7 9. a4 a5 10. Bg5 Nbd7 11. Nb5 Qb6 12. Bf4 Nd5 13. c4 Nxf4 14. Nxf4 c6 15. c5 Qd8 16. Nc3 0-0 17. Re1 b6 18. cxb6 Qxb6 19. Qe2 Nf6 20. Qc4 Bb4 21. Rad1 Rfd8 22. Re3 Rab8 23. Nce2 Ng4 24. Rxe6 fxe6 25. Qxe6+ Kh8 26. Qxg4 Bf8 27. Rc1 Qxb2 28. Ng6+ 1/2-1/2

[Event "Belgrade Winter op"]
[Site "Belgrade"]
[Date "2008.01.24"]
[Round "3"]
[White "Prelevic, Dusko"]
[Black "Abramovic, Bosko"]
[Result "0-1"]
[WhiteElo "2354"]
[BlackElo "2499"]
[PlyCount "54"]
[EventDate "2008.01.22"]
[EventType "swiss"]
[EventRounds "9"]
[EventCountry "YUG"]
[SourceTitle "CBM 122 Extra"]
[Source "ChessBase"]
[SourceDate "2008.03.04"]
[SourceVersion "1"]
[SourceVersionDate "2008.03.04"]
[SourceQuality "1"]

1. d4 Nf6 2. Bg5 d5 3. Bxf6 exf6 4. e3 c6 5. Nd2 f5 6. Bd3 g6 7. Ne2 Nd7 8. c4 dxc4 9. Nxc4 Qe7 10. 0-0 Bg7 11. Nf4 0-0 12. Rb1 Nf6 13. Be2 Nd5 14. g3 Nxf4 15. gxf4 Be6 16. b3 Rad8 17. Bf3 Kh8 18. Qe2 g5 19. fxg5 Qxg5+ 20. Kh1 f4 21. Rg1 Qh6 22. Nb2 Rfe8 23. Rbe1 Bf5 24. Nd1 Bxd4 25. Qc4 Be5 26. e4 Bg6 27. Qc5 Bh5 0-1

[Event "Belgrade Trophy 20th"]
[Site "Belgrade"]
[Date "2007.11.27"]
[Round "6"]
[White "Prelevic, Dusko"]
[Black "Rajkovic, Dusan"]
[Result "0-1"]
[WhiteElo "2352"]
[BlackElo "2522"]
[PlyCount "54"]
[EventDate "2007.11.22"]
[EventType "swiss"]
[EventRounds "9"]
[EventCountry "YUG"]
[SourceTitle "CBM 121 Extra"]
[Source "ChessBase"]
[SourceDate "2008.01.10"]
[SourceVersion "1"]
[SourceVersionDate "2008.01.10"]
[SourceQuality "1"]

1. e4 c5 2. Nf3 e6 3. d4 cxd4 4. Nxd4 Nc6 5. Nc3 Qc7 6. Be2 a6 7. 0-0 Nf6 8. Be3 Bb4 9. Na4 Bd6 10. g3 Be7 11. c4 Nxe4 12. c5 Nf6 13. Nb6 Rb8 14. Rc1 0-0 15. Bf3 g6 16. Bg5 e5 17. Nb3 Qd8 18. Re1 Re8 19. Nc4 Bf8 20. Nd6 Re6 21. Bd5 Rxd6 22. cxd6 h6 23. Be3 Nxd5 24. Qxd5 b6 25. Qd2 Kh7 26. f4 Bb7 27. Qf2 Ba8 0-1

[Event "Belgrade Trophy 20th"]
[Site "Belgrade"]
[Date "2007.11.24"]
[Round "3"]
[White "Vuckovic, Branko"]
[Black "Prelevic, Dusko"]
[Result "0-1"]
[WhiteElo "2214"]
[BlackElo "2352"]
[PlyCount "64"]
[EventDate "2007.11.22"]
[EventType "swiss"]
[EventRounds "9"]
[EventCountry "YUG"]
[SourceTitle "CBM 121 Extra"]
[Source "ChessBase"]
[SourceDate "2008.01.10"]
[SourceVersion "1"]
[SourceVersionDate "2008.01.10"]
[SourceQuality "1"]

1. e4 d5 2. exd5 Qxd5 3. Nc3 Qd6 4. Bc4 Nf6 5. d4 a6 6. Nge2 b5 7. Bf4 Qd8 8. Bd3 Bb7 9. f3 e6 10. a4 b4 11. Ne4 Nd5 12. Bg5 Qc8 13. Qd2 Nd7 14. c4 bxc3 15. bxc3 h6 16. Bh4 f5 17. 0-0 g5 18. Nxg5 hxg5 19. Qxg5 Kf7 20. Bxf5 exf5 21. Nf4 Nxf4 22. Qxf5+ Kg8 23. Qxf4 Rh7 24. Rae1 Bd6 25. Qg4+ Kh8 26. Re6 Bd5 27. Rf6 Be7 28. Rh6 Rxh6 29. Bxe7 Qg8 30. Qxd7 Qe6 31. Qxc7 Rh7 32. Rb1 Rxe7 0-1

[Event "Belgrade Masinac"]
[Site "Belgrade"]
[Date "2007.02.18"]
[Round "3"]
[White "Prelevic, Dusko"]
[Black "Zivkovic, Sava"]
[Result "1-0"]
[WhiteElo "2326"]
[BlackElo "2313"]
[PlyCount "99"]
[EventDate "2007.02.16"]
[EventType "schev"]
[EventRounds "10"]
[EventCountry "SRB"]
[SourceTitle "EXT 2024"]
[Source "ChessBase"]
[SourceDate "2023.10.10"]
[SourceVersion "1"]
[SourceVersionDate "2023.10.10"]
[SourceQuality "1"]

1. e4 c5 2. Nf3 e6 3. d4 cxd4 4. Nxd4 Nf6 5. Nc3 Nc6 6. a3 d5 7. Bb5 Bd7 8. exd5 exd5 9. 0-0 Be7 10. Bg5 0-0 11. Re1 Bg4 12. Qd3 Nxd4 13. Qxd4 Be6 14. Rad1 a6 15. Ba4 Qc7 16. h3 h6 17. Bc1 Rac8 18. Bb3 Rfd8 19. Bf4 Qc5 20. Be5 Qxd4 21. Bxd4 b5 22. g4 h5 23. f3 hxg4 24. hxg4 Bc5 25. Bxc5 Rxc5 26. Rd4 g5 27. Re5 Nh7 28. Ne4 Rcc8 29. Nxg5 Nxg5 30. Rxg5+ Kf8 31. c3 Rc5 32. Rh5 Kg7 33. Kf2 f6 34. Rh1 Bf7 35. Re1 Rd7 36. Red1 a5 37. f4 Rd8 38. Kg3 Kf8 39. f5 Ke7 40. Kf4 Kd6 41. Rh1 Re8 42. Rh6 Re2 43. Rxf6+ Ke7 44. Rxf7+ Kxf7 45. Bxd5+ Kf8 46. g5 Rxb2 47. f6 Rf2+ 48. Ke5 Rxc3 49. Rh4 Ke8 50. Kd6 1-0

[Event "Belgrade Masinac"]
[Site "Belgrade"]
[Date "2007.02.17"]
[Round "2"]
[White "Sarenac, Ivan"]
[Black "Prelevic, Dusko"]
[Result "1-0"]
[WhiteElo "2190"]
[BlackElo "2326"]
[PlyCount "55"]
[EventDate "2007.02.16"]
[EventType "schev"]
[EventRounds "10"]
[EventCountry "SRB"]
[SourceTitle "EXT 2024"]
[Source "ChessBase"]
[SourceDate "2023.10.10"]
[SourceVersion "1"]
[SourceVersionDate "2023.10.10"]
[SourceQuality "1"]

1. e4 c6 2. d4 d5 3. Nc3 dxe4 4. Nxe4 Bf5 5. Ng3 Bg6 6. h4 h6 7. Nf3 Nf6 8. Ne5 Bh7 9. Bd3 Bxd3 10. Qxd3 e6 11. Bd2 Nbd7 12. f4 Be7 13. 0-0-0 0-0 14. Qf3 Nb6 15. c4 c5 16. dxc5 Bxc5 17. Ne2 Qc7 18. b3 a5 19. a4 Ba3+ 20. Kc2 Nfd5 21. Nd4 Rfc8 22. Kb1 Qc5 23. Nb5 Bb4 24. Bc1 Nc7 25. Be3 Nxb5 26. Bxc5 Nc3+ 27. Qxc3 Bxc3 28. Bxb6 1-0

[Event "Belgrade-chT"]
[Site "Belgrade"]
[Date "2007.??.??"]
[Round "9"]
[White "Tosic, Srecko"]
[Black "Prelevic, Dusko"]
[Result "1-0"]
[WhiteElo "2290"]
[BlackElo "2350"]
[PlyCount "65"]
[EventDate "2007.10.??"]
[EventType "tourn"]
[EventRounds "9"]
[EventCountry "YUG"]
[SourceTitle "EXT 2010"]
[Source "ChessBase"]
[SourceDate "2010.11.25"]
[SourceVersion "1"]
[SourceVersionDate "2010.11.25"]
[SourceQuality "1"]

1. e4 c5 2. Nf3 e6 3. d4 cxd4 4. Nxd4 Bc5 5. Be3 Qb6 6. Nd2 Bxd4 7. Nc4 Bxe3 8. Nxb6 Bxb6 9. Qg4 g6 10. 0-0-0 Nc6 11. Qf4 Nge7 12. h4 d5 13. Bb5 Bd7 14. f3 d4 15. h5 Rc8 16. a3 a6 17. Bxc6 Bxc6 18. Qe5 Rg8 19. Kb1 gxh5 20. Rxh5 Rxg2 21. Rxh7 Ng6 22. Qf6 Rc7 23. Rg7 Bc5 24. Rg8+ Bf8 25. Rxd4 Rd7 26. Rxd7 Bxd7 27. b3 Bc6 28. c4 Rf2 29. Qc3 Rf1+ 30. Kc2 Nf4 31. Rxf8+ Kxf8 32. Qh8+ Ke7 33. Qh4+ 1-0